Bienvenue au Catalogue en Ligne des Bibliothèques de l'Universite du Burundi

Chemical markers for processed end stored foods (Record no. 53109)

000 -GUIDE
Champ de contrôle de longueur fixe 00651nam a22002177a 4500
003 - IDENTITÉ DU NUMÉRO DE CONTRÔLE
Champ de contrôle BI-BuBU
008 - ÉLÉMENTS DE LONGUEUR FIXE - RENSEIGNEMENTS GÉNÉRAUX
Champ de contrôle de longueur fixe 251128b1996 e fr|||| 000 0 fre d
020 ## - INTERNATIONAL STANDARD BOOK NUMBER
ISBN 0 8412 3404 3
037 ## - SOURCE D'ACQUISITION
Source d'acquisition et du numéro d'inventaire don
039 ## - NIVEAU DE CONTRÔLE BIBLIOGRAPHIQUE ET HISTORIQUE D'ENCODAGE [OBSOLETE]
Date creation 20251128090223.0
Nom catalographe Joëlla Nshimirimana
040 ## - SOURCE DU CATALOGAGE
Organisme qui a effectué le catalogage original BI-BuBU
Code de la langue utilisée dans le catalogage fre
Organisme qui a effectué la transcription BI-BuBU
Organisme qui a effectué la modification BI-BuBU
041 0# - CODE DE LANGUE
Code de langue du texte/de la piste sonore ou du titre distinct fre
080 ## - INDICE DE LA CLASSIFICATION DÉCIMALE UNIVERSELLE (CDU)
Indice de la Classification décimale universelle 641.
245 10 - MENTION DU TITRE
Titre Chemical markers for processed end stored foods
Mention de responsabilité, etc. tung-ching Lee, Hie -joon Kim, Hie-Joon Kim,editeurs
260 ## - PUBLICATION, DIFFUSION, ETC. (ADRESSE BIBLIOGRAPHIQUE)
Lieu de publication, diffusion, etc. New-york
Nom de l'éditeur, diffuseur, etc. American Chemical society
Date of publication, distribution, etc 1996
300 ## - DESCRIPTION MATÉRIELLE
Collation 290 p. :
Dimensions 24 cm.
650 #7 - VEDETTE-MATIÈRE - NOM COMMUN
Source du terme BI-BuBU
655 #7 - TERME D'INDEXATION - GENRE OU FORME
Source du terme BI-BuBU
Données ou terme dominant sur le genre ou la forme book
710 ## - VEDETTE SECONDAIRE - NOM DE COLLECTIVITÉ
Collectivité subordonnée American Chemical society
942 ## - ÉLÉMENTS D'ENTRÉE ADDITIONNELLE (KOHA)
Source de la classification ou du système de rangement
Type d item koha BOOK

No items available.

© 2019-2026 - Bibliothèques de l'Université du Burundi |Tous droits réservés
home | Pour toute information urgente Contactez nous | tel whatsupp: +25779204313